[Event "2. Bundesliga Ost 2016/2017"]
[Site "alle Wien"]
[Date "2017.03.04"]
[Round "8"]
[Board "5"]
[White "Ernst, Michael"]
[Black "Lucaci, Marius"]
[Result "1/2-1/2"]
[WhiteElo "2071"]
[BlackElo "2168"]
[PlyCount "115"]
[EventDate "2016.10.15"]
[EventType "team"]
[EventRounds "11"]
[EventCountry "AUT"]
[WhiteTeam "ASVOE VHS Poechlarn"]
[BlackTeam "SC Data Technology Pressbaum/E."]

1. d4 d5 2. Bf4 Nf6 3. e3 c5 4. c3 Qb6 5. Qb3 Nc6 6. Nd2 Bf5 7. dxc5 Qxb3 8.
axb3 e5 9. Bg3 Bxc5 10. b4 Bd6 11. Ngf3 Nd7 12. Nd4 Nxd4 13. exd4 Ke7 14. Nf3
f6 15. Bb5 e4 16. Nd2 Nb6 17. O-O Rhc8 18. Rfe1 Bxg3 19. hxg3 Kd6 20. Ra5 Bd7
21. Be2 f5 22. f3 a6 23. fxe4 fxe4 24. Nf1 Na4 25. Ne3 b5 26. Rb1 g6 27. Bd1
Nb6 28. Rba1 Nc4 29. Rxa6+ Rxa6 30. Rxa6+ Rc6 31. Nxc4+ bxc4 32. Rxc6+ Bxc6 33.
b3 cxb3 34. Bxb3 Bb5 35. Kf2 Kc6 36. Bd1 Bd3 37. Bb3 g5 38. Bd1 Bc4 39. Ke3 Ba2
40. Be2 Bb3 41. Kd2 Kd6 42. Kc1 h6 43. Kb2 Ba4 44. c4 dxc4 45. Kc3 Bc6 46. Bxc4
e3 47. d5 Bb7 48. Kd3 h5 49. Kxe3 Ke5 50. Kd3 h4 51. Ke3 hxg3 52. Kf3 Kd4 53.
Ba2 Kc3 54. Kxg3 Kxb4 55. d6 Bc8 56. Bd5 Kc5 57. Bf3 Kxd6 58. Bg4 1/2-1/2

[Event "2. Bundesliga Ost 2016/2017"]
[Site "alle Wien"]
[Date "2017.03.04"]
[Round "8"]
[Board "6"]
[White "Wandl, Werner"]
[Black "Gattermayer, Robert"]
[Result "1/2-1/2"]
[WhiteElo "2057"]
[BlackElo "1959"]
[PlyCount "63"]
[EventDate "2016.10.15"]
[EventType "team"]
[EventRounds "11"]
[EventCountry "AUT"]
[WhiteTeam "SC Data Technology Pressbaum/E."]
[BlackTeam "ASVOE VHS Poechlarn"]

1. e4 e5 2. Nf3 Nf6 3. Nc3 Nc6 4. d4 exd4 5. Nxd4 Bb4 6. Nxc6 bxc6 7. Bd3 O-O
8. O-O h6 9. e5 Nd5 10. Nxd5 cxd5 11. Qg4 Qe7 12. Bxh6 Qxe5 13. Bf4 Qe7 14. c3
Bd6 15. Bg5 Qe5 16. Qh4 g6 17. Bf6 Qh5 18. Qxh5 gxh5 19. Be2 Re8 20. Bxh5 Re6
21. Bd4 c5 22. Be3 Rb8 23. Rab1 Ba6 24. Rfd1 Bb7 25. Bf3 Re5 26. Rd2 Rbe8 27.
g3 Bc6 28. Kg2 Rf5 29. Bf4 Bxf4 30. gxf4 Re6 31. Bg4 Rg6 32. f3 1/2-1/2

[Event "2. Bundesliga Ost 2016/2017"]
[Site "alle Wien"]
[Date "2017.03.04"]
[Round "8"]
[Board "1"]
[White "Szabo, Krisztian"]
[Black "Stanec, Nikolaus"]
[Result "1/2-1/2"]
[WhiteElo "2510"]
[BlackElo "2444"]
[PlyCount "34"]
[EventDate "2016.10.15"]
[EventType "team"]
[EventRounds "11"]
[EventCountry "AUT"]
[WhiteTeam "ASVOE Mattersburg"]
[BlackTeam "SC Donaustadt"]

1. e4 e5 2. Nf3 Nf6 3. Nxe5 d6 4. Nf3 Nxe4 5. Nc3 Nf6 6. d4 Be7 7. Bd3 O-O 8.
Bg5 Nc6 9. h3 Nb4 10. Bc4 Bf5 11. Bb3 Ne4 12. Nxe4 Bxe4 13. Bxe7 Qxe7 14. O-O
Qf6 15. Nd2 Bg6 16. a3 Nc6 17. c3 Rfe8 1/2-1/2

[Event "2. Bundesliga Ost 2016/2017"]
[Site "alle Wien"]
[Date "2017.03.04"]
[Round "8"]
[Board "2"]
[White "Kummer, Helmut"]
[Black "Certek, Pavel"]
[Result "1-0"]
[WhiteElo "2299"]
[BlackElo "2249"]
[PlyCount "101"]
[EventDate "2016.10.15"]
[EventType "team"]
[EventRounds "11"]
[EventCountry "AUT"]
[WhiteTeam "SC Donaustadt"]
[BlackTeam "ASVOE Mattersburg"]

1. d4 d5 2. c4 dxc4 3. e4 e5 4. Nf3 exd4 5. Bxc4 Nc6 6. Qb3 Bb4+ 7. Nbd2 Qe7 8.
a3 Ba5 9. O-O Bb6 10. Qd3 Nh6 11. h3 f6 12. Nb3 Nf7 13. Bxf7+ Qxf7 14. Nbxd4
Nxd4 15. Nxd4 O-O 16. Nf5 Bxf5 17. exf5 Rad8 18. Qf3 Qd5 19. Qg4 Qd4 20. Qxd4
Bxd4 21. Rb1 Rfe8 22. Bf4 c5 23. Rfd1 h5 24. Kf1 Rd5 25. Be3 Re4 26. Bxd4 Rexd4
27. Rxd4 Rxd4 28. g3 Rd5 29. Kg2 Kf7 30. g4 hxg4 31. hxg4 Ke7 32. Re1+ Kd6 33.
Re8 Re5 34. Rd8+ Kc7 35. Rg8 Re7 36. f4 Kd6 37. Kf3 Kd5 38. g5 Kc4 39. Rf8 b5
40. gxf6 gxf6 41. Rxf6 b4 42. axb4 cxb4 43. Re6 Rg7 44. f6 Rf7 45. Kg4 Kb3 46.
Kg5 Kxb2 47. Kg6 Rf8 48. f7 a5 49. Ra6 b3 50. Rxa5 Rb8 51. Rf5 1-0

[Event "2. Bundesliga Ost 2016/2017"]
[Site "alle Wien"]
[Date "2017.03.04"]
[Round "8"]
[Board "3"]
[White "Petran, Peter"]
[Black "Pingitzer, Harald"]
[Result "1/2-1/2"]
[WhiteElo "2306"]
[BlackElo "2314"]
[PlyCount "26"]
[EventDate "2016.10.15"]
[EventType "team"]
[EventRounds "11"]
[EventCountry "AUT"]
[WhiteTeam "ASVOE Mattersburg"]
[BlackTeam "SC Donaustadt"]

1. g3 d5 2. Nf3 Nf6 3. Bg2 g6 4. O-O Bg7 5. d3 O-O 6. Nbd2 b6 7. e4 dxe4 8.
dxe4 Bb7 9. Re1 Nxe4 10. Nxe4 Qxd1 11. Rxd1 Bxe4 12. Re1 f5 13. Ng5 Bxg2
 1/2-1/2

[Event "2. Bundesliga Ost 2016/2017"]
[Site "alle Wien"]
[Date "2017.03.04"]
[Round "8"]
[Board "4"]
[White "Froewis, Annika"]
[Black "Brod, Manfred"]
[Result "1/2-1/2"]
[WhiteElo "2101"]
[BlackElo "2277"]
[PlyCount "114"]
[EventDate "2016.10.15"]
[EventType "team"]
[EventRounds "11"]
[EventCountry "AUT"]
[WhiteTeam "SC Donaustadt"]
[BlackTeam "ASVOE Mattersburg"]

1. e4 e6 2. d4 d5 3. Nc3 Nf6 4. e5 Nfd7 5. f4 c5 6. Nf3 Nc6 7. Be3 Qb6 8. a3
cxd4 9. Nxd4 Bc5 10. Na4 Qa5+ 11. c3 Bxd4 12. Bxd4 Nxd4 13. Qxd4 O-O 14. Bd3 b6
15. Qb4 Qxb4 16. axb4 f6 17. exf6 gxf6 18. Bb5 Rb8 19. Bc6 Rd8 20. b3 Nf8 21.
Bb5 a6 22. Be2 Rd6 23. O-O Bb7 24. Rfd1 Rbd8 25. Nb2 Rc8 26. Rd3 Ng6 27. Rg3
Kf7 28. Bh5 Rdc6 29. Rc1 d4 30. c4 Rd6 31. Re1 a5 32. bxa5 bxa5 33. Nd3 Rb6 34.
f5 exf5 35. Nf4 Be4 36. Nxg6 hxg6 37. Bxg6+ Ke6 38. Rf3 Kd6 39. Bxf5 Bxf3 40.
Bxc8 Kc7 41. Bf5 Bc6 42. Bc2 d3 43. Bd1 a4 44. bxa4 Rb1 45. Kf2 Rb2+ 46. Ke3
Rxg2 47. Kxd3 Rxh2 48. Rf1 Ra2 49. Rxf6 Bxa4 50. Bxa4 Rxa4 51. Kd4 Ra5 52. c5
Ra1 53. Rf7+ Kc6 54. Rf6+ Kc7 55. Kd5 Rd1+ 56. Ke4 Re1+ 57. Kd3 Rc1 1/2-1/2

[Event "2. Bundesliga Ost 2016/2017"]
[Site "alle Wien"]
[Date "2017.03.04"]
[Round "8"]
[Board "5"]
[White "Salamon, Werner"]
[Black "Karlusch, Albrecht"]
[Result "1-0"]
[WhiteElo "2157"]
[BlackElo "2142"]
[PlyCount "77"]
[EventDate "2016.10.15"]
[EventType "team"]
[EventRounds "11"]
[EventCountry "AUT"]
[WhiteTeam "ASVOE Mattersburg"]
[BlackTeam "SC Donaustadt"]

1. e4 e6 2. d4 d5 3. exd5 exd5 4. Bd3 Nc6 5. c3 Bd6 6. Nf3 Nge7 7. O-O Bf5 8.
Re1 Qd7 9. Bxf5 Qxf5 10. Nbd2 g5 11. Nf1 g4 12. Ne5 Bxe5 13. dxe5 h5 14. Qa4
Ng6 15. Be3 Ngxe5 16. Bd4 O-O 17. Ng3 Qg5 18. Be3 Qg6 19. Ne2 Nc4 20. Nf4 Qf5
21. Qb5 Nb6 22. Rad1 a6 23. Qd3 Qxd3 24. Rxd3 Ne5 25. Rdd1 Nbc4 26. b3 Nxe3 27.
Rxe3 Ng6 28. Nxh5 f5 29. Rxd5 Rad8 30. Red3 Rxd5 31. Rxd5 c6 32. Rd7 Ne5 33.
Rg7+ Kh8 34. Rxb7 f4 35. Re7 Rd8 36. h3 Rd1+ 37. Kh2 Re1 38. Nxf4 gxh3 39. Rxe5
 1-0

[Event "2. Bundesliga Ost 2016/2017"]
[Site "alle Wien"]
[Date "2017.03.04"]
[Round "8"]
[Board "6"]
[White "Pichler, Andreas"]
[Black "Strodl, Joachim"]
[Result "1/2-1/2"]
[WhiteElo "2073"]
[BlackElo "2138"]
[PlyCount "50"]
[EventDate "2016.10.15"]
[EventType "team"]
[EventRounds "11"]
[EventCountry "AUT"]
[WhiteTeam "SC Donaustadt"]
[BlackTeam "ASVOE Mattersburg"]

1. e4 g6 2. d4 Bg7 3. Nc3 c5 4. d5 d6 5. Nf3 Nf6 6. Be2 O-O 7. O-O e6 8. a4
exd5 9. exd5 a6 10. a5 Bf5 11. Nd2 Re8 12. Bf3 h5 13. h3 Qc7 14. Nc4 Nbd7 15.
Bf4 Bf8 16. Qd2 b5 17. axb6 Nxb6 18. Ne3 Bd7 19. b3 Bg7 20. Ra2 Bb5 21. Re1
Nfd7 22. Be2 Bxe2 23. Nxe2 c4 24. Qb4 Be5 25. Bxe5 Nxe5 1/2-1/2

[Event "2. Bundesliga Ost 2016/2017"]
[Site "alle Wien"]
[Date "2017.03.04"]
[Round "8"]
[Board "1"]
[White "Rubil, Marko"]
[Black "Polak, Tomas"]
[Result "0-1"]
[WhiteElo "2306"]
[BlackElo "2505"]
[PlyCount "114"]
[EventDate "2016.10.15"]
[EventType "team"]
[EventRounds "11"]
[EventCountry "AUT"]
[WhiteTeam "SZ Favoriten"]
[BlackTeam "SK Hietzing"]

1. e4 c6 2. d4 d5 3. e5 Bf5 4. Nf3 e6 5. Be2 Nd7 6. Nbd2 Bg6 7. O-O Nh6 8. Nb3
Nf5 9. Bd2 Be7 10. Ba5 Qb8 11. g4 Nh6 12. h3 f6 13. exf6 gxf6 14. Bd2 Nf7 15.
Nh4 f5 16. gxf5 exf5 17. Ng2 Bd6 18. Bd3 O-O 19. Nh4 Nf6 20. Nxf5 Kh8 21. Nxd6
Qxd6 22. Bxg6 Rg8 23. Qf3 Rxg6+ 24. Kh1 Ne4 25. Bf4 Rf6 26. Bxd6 Rxf3 27. Kg2
Rxb3 28. axb3 Nfxd6 29. f3 Nf6 30. Kf2 Kg7 31. Rg1+ Kf7 32. c3 a6 33. Rae1 a5
34. Re5 Ra6 35. Ra1 Rb6 36. Ra3 a4 37. Rxa4 Rxb3 38. Re2 Nc4 39. Rb4 Rxb4 40.
cxb4 Nh5 41. b3 Nf4 42. bxc4 Nxe2 43. Kxe2 dxc4 44. b5 cxb5 45. Kd2 b4 46. f4
Ke6 47. Kc2 b5 48. Kb2 b3 49. Kc3 b4+ 50. Kb2 Kd5 51. f5 Kd6 52. h4 h5 53. Kc1
c3 54. Kb1 b2 55. Kc2 b3+ 56. Kb1 Kd5 57. f6 Ke6 0-1

[Event "2. Bundesliga Ost 2016/2017"]
[Site "alle Wien"]
[Date "2017.03.04"]
[Round "8"]
[Board "2"]
[White "Penz, Harald"]
[Black "Ivancsics, Michael"]
[Result "1-0"]
[WhiteElo "2315"]
[BlackElo "2231"]
[PlyCount "57"]
[EventDate "2016.10.15"]
[EventType "team"]
[EventRounds "11"]
[EventCountry "AUT"]
[WhiteTeam "SK Hietzing"]
[BlackTeam "SZ Favoriten"]

1. e4 c5 2. c3 Nf6 3. e5 Nd5 4. Bc4 e6 5. d4 cxd4 6. cxd4 d6 7. Nf3 Nc6 8. O-O
Be7 9. Nc3 Nxc3 10. bxc3 dxe5 11. dxe5 Qc7 12. Qe2 O-O 13. Bd3 b6 14. Re1 Bb7
15. Bg5 Rfd8 16. Rad1 h6 17. Bd2 Bf8 18. Bb1 Rd5 19. h4 g6 20. h5 Ne7 21. hxg6
Nxg6 22. Bxg6 fxg6 23. Nd4 Qf7 24. Qg4 Re8 25. Re4 Qh7 26. Nxe6 Bc8 27. Nxf8
Bxg4 28. Nxh7 Bxd1 29. Nf6+ 1-0

[Event "2. Bundesliga Ost 2016/2017"]
[Site "alle Wien"]
[Date "2017.03.04"]
[Round "8"]
[Board "3"]
[White "Knoflicek, Ctibor"]
[Black "Vyskocil, Neklan"]
[Result "1/2-1/2"]
[WhiteElo "2212"]
[BlackElo "2332"]
[PlyCount "33"]
[EventDate "2016.10.15"]
[EventType "team"]
[EventRounds "11"]
[EventCountry "AUT"]
[WhiteTeam "SZ Favoriten"]
[BlackTeam "SK Hietzing"]

1. e4 c5 2. Nf3 Nc6 3. Bb5 g6 4. Bxc6 dxc6 5. d3 Bg7 6. h3 Nf6 7. Nc3 O-O 8.
Be3 b6 9. Qd2 e5 10. Bh6 Qd6 11. Bxg7 Kxg7 12. O-O Nh5 13. Ne2 h6 14. Qc3 Re8
15. Nd2 f6 16. Nc4 Qc7 17. g4 1/2-1/2

[Event "2. Bundesliga Ost 2016/2017"]
[Site "alle Wien"]
[Date "2017.03.04"]
[Round "8"]
[Board "5"]
[White "Albadri, Samer"]
[Black "Wagner, Stefan"]
[Result "1/2-1/2"]
[WhiteElo "1956"]
[BlackElo "2152"]
[PlyCount "47"]
[EventDate "2016.10.15"]
[EventType "team"]
[EventRounds "11"]
[EventCountry "AUT"]
[WhiteTeam "SZ Favoriten"]
[BlackTeam "SK Hietzing"]

1. e4 d5 2. exd5 Qxd5 3. Nc3 Qa5 4. d4 Nf6 5. Nf3 c6 6. Bc4 Bf5 7. Bd2 e6 8.
Qe2 Bb4 9. O-O Nbd7 10. a3 Bxc3 11. Bxc3 Qc7 12. Nh4 Qf4 13. g3 Qe4 14. Rfe1
Qxe2 15. Rxe2 Bg6 16. Nxg6 hxg6 17. a4 O-O-O 18. a5 Rh5 19. b4 Nd5 20. Bd2 N7f6
21. c3 a6 22. f3 Nc7 23. Bb3 Nb5 24. Rc1 1/2-1/2

[Event "2. Bundesliga Ost 2016/2017"]
[Site "alle Wien"]
[Date "2017.03.04"]
[Round "8"]
[Board "6"]
[White "Stadler, Peter"]
[Black "Boelzlbauer, Wolfgang"]
[Result "1-0"]
[WhiteElo "2082"]
[BlackElo "1951"]
[PlyCount "91"]
[EventDate "2016.10.15"]
[EventType "team"]
[EventRounds "11"]
[EventCountry "AUT"]
[WhiteTeam "SK Hietzing"]
[BlackTeam "SZ Favoriten"]

1. Nf3 d5 2. b3 c5 3. e3 Nc6 4. Bb5 Bg4 5. Bb2 e6 6. Bxc6+ bxc6 7. d3 Nf6 8.
Nbd2 Be7 9. h3 Bxf3 10. Nxf3 O-O 11. Ne5 Qc7 12. O-O Rad8 13. f4 Nd7 14. Qg4 f5
15. Qg3 Bf6 16. Rae1 Kh8 17. Re2 g5 18. Nxd7 Rxd7 19. Bxf6+ Rxf6 20. Qxg5 Rg6
21. Qh4 Rdg7 22. Rf3 Qa5 23. a4 Qc3 24. Kh2 c4 25. dxc4 dxc4 26. e4 Qa5 27. Qh5
cxb3 28. cxb3 Qb4 29. exf5 Qe4 30. fxg6 Qxe2 31. Qc5 Qb2 32. Rg3 hxg6 33. Qxc6
Qf6 34. Qd6 Kh7 35. b4 Rf7 36. Rg4 Kh6 37. b5 Re7 38. a5 Rb7 39. b6 Kg7 40. Rg5
Kf7 41. Rc5 axb6 42. Rc7+ Rxc7 43. Qxc7+ Ke8 44. axb6 Qd8 45. Qxd8+ Kxd8 46. g4
 1-0

[Event "2. Bundesliga Ost 2016/2017"]
[Site "alle Wien"]
[Date "2017.03.04"]
[Round "8"]
[Board "1"]
[White "Lipka, Juraj"]
[Black "Bachofner, Andreas"]
[Result "1-0"]
[WhiteElo "2421"]
[BlackElo "2214"]
[PlyCount "71"]
[EventDate "2016.10.15"]
[EventType "team"]
[EventRounds "11"]
[EventCountry "AUT"]
[WhiteTeam "ASVOE Pamhagen"]
[BlackTeam "Blackburne Nickelsdorf 2"]

1. Nf3 e6 2. c4 f5 3. g3 Nf6 4. Bg2 Be7 5. O-O O-O 6. Nc3 d6 7. d3 Nc6 8. Rb1
a5 9. a3 e5 10. b4 axb4 11. axb4 Qe8 12. b5 Nd4 13. Nd2 Rb8 14. e3 Ne6 15. Nd5
Bd7 16. Nxe7+ Qxe7 17. Ba3 c6 18. Qb3 c5 19. Bb2 Be8 20. Ra1 g5 21. Qc3 f4 22.
Rae1 Bg6 23. d4 fxe3 24. dxe5 dxe5 25. fxe3 Nd7 26. Nf3 Ng7 27. Nxe5 Rxf1+ 28.
Rxf1 Nxe5 29. Bd5+ Kh8 30. Qxe5 Qxe5 31. Bxe5 Re8 32. Bxb7 h6 33. Bd6 Bd3 34.
Rc1 Rxe3 35. Bxc5 Re2 36. Bf3 1-0

[Event "2. Bundesliga Ost 2016/2017"]
[Site "alle Wien"]
[Date "2017.03.04"]
[Round "8"]
[Board "2"]
[White "Bury, Rastislav"]
[Black "Horvath, Dominik"]
[Result "0-1"]
[WhiteElo "2159"]
[BlackElo "2269"]
[PlyCount "88"]
[EventDate "2016.10.15"]
[EventType "team"]
[EventRounds "11"]
[EventCountry "AUT"]
[WhiteTeam "Blackburne Nickelsdorf 2"]
[BlackTeam "ASVOE Pamhagen"]

1. d4 d5 2. Nf3 Nf6 3. g3 Bf5 4. Bg2 e6 5. O-O Nbd7 6. b3 Bd6 7. Bb2 c6 8. Nbd2
h6 9. h3 Qb8 10. c4 O-O 11. Rc1 a5 12. a3 Bh7 13. e3 b5 14. cxd5 cxd5 15. Qe2
b4 16. a4 Ra7 17. Rc6 Rc8 18. Rfc1 Rac7 19. Qa6 Bd3 20. Qxd3 Rxc6 21. Rxc6 Rxc6
22. Kf1 Qc7 23. Ne1 Qb6 24. Bf3 e5 25. Be2 e4 26. Qb1 Nf8 27. Bb5 Rc7 28. Kg2
Qb8 29. Qd1 Ne6 30. Bf1 Qc8 31. Kh2 h5 32. h4 Ng4+ 33. Kg2 Nf8 34. Be2 Qf5 35.
Bxg4 Qxg4 36. Qxg4 hxg4 37. Nf1 Ne6 38. Nh2 f5 39. Nf1 g5 40. hxg5 Nxg5 41. Nd2
Nf3 42. Ndxf3 gxf3+ 43. Kh2 Kg7 44. Kh1 Bxg3 0-1

[Event "2. Bundesliga Ost 2016/2017"]
[Site "alle Wien"]
[Date "2017.03.04"]
[Round "8"]
[Board "3"]
[White "Vitouch, Anatol"]
[Black "Koffler, Daniel"]
[Result "1-0"]
[WhiteElo "2320"]
[BlackElo "2152"]
[PlyCount "37"]
[EventDate "2016.10.15"]
[EventType "team"]
[EventRounds "11"]
[EventCountry "AUT"]
[WhiteTeam "ASVOE Pamhagen"]
[BlackTeam "Blackburne Nickelsdorf 2"]

1. c4 e5 2. g3 c6 3. d4 e4 4. Nc3 d5 5. Nh3 Nf6 6. cxd5 cxd5 7. Bg5 Nc6 8. Bxf6
Qxf6 9. Nxd5 Qd8 10. Nc3 Qxd4 11. Qxd4 Nxd4 12. O-O-O Bc5 13. e3 Nc6 14. Nxe4
Bb6 15. Nd6+ Ke7 16. Nf4 Bg4 17. Be2 Bxe2 18. Nxe2 Nd4 19. Rxd4 1-0

[Event "2. Bundesliga Ost 2016/2017"]
[Site "alle Wien"]
[Date "2017.03.04"]
[Round "8"]
[Board "4"]
[White "Kuntner, Reinhard"]
[Black "Alvir, Aco"]
[Result "0-1"]
[WhiteElo "2076"]
[BlackElo "2359"]
[PlyCount "48"]
[EventDate "2016.10.15"]
[EventType "team"]
[EventRounds "11"]
[EventCountry "AUT"]
[WhiteTeam "Blackburne Nickelsdorf 2"]
[BlackTeam "ASVOE Pamhagen"]

1. c4 g6 2. Nc3 Bg7 3. g3 Nf6 4. Bg2 O-O 5. e4 d6 6. Nge2 c5 7. O-O Nc6 8. d3
Rb8 9. h3 a6 10. a4 Ne8 11. f4 Nc7 12. f5 b5 13. axb5 axb5 14. cxb5 Nxb5 15.
Nxb5 Rxb5 16. Nc3 Rb8 17. g4 Nd4 18. Ra7 e6 19. f6 Bxf6 20. Rxf6 Qxf6 21. e5
Qxe5 22. Bh6 Rxb2 23. Bxf8 Qg3 24. Qf1 Rxg2+ 0-1

[Event "2. Bundesliga Ost 2016/2017"]
[Site "alle Wien"]
[Date "2017.03.04"]
[Round "8"]
[Board "5"]
[White "Kuthan, Andreas"]
[Black "Rongitsch, Thomas"]
[Result "1-0"]
[WhiteElo "2208"]
[BlackElo "2092"]
[PlyCount "57"]
[EventDate "2016.10.15"]
[EventType "team"]
[EventRounds "11"]
[EventCountry "AUT"]
[WhiteTeam "ASVOE Pamhagen"]
[BlackTeam "Blackburne Nickelsdorf 2"]

1. e4 c5 2. c3 d5 3. exd5 Qxd5 4. d4 Nf6 5. Nf3 Nc6 6. Be2 cxd4 7. cxd4 e6 8.
Nc3 Qd8 9. O-O Be7 10. Be3 O-O 11. Ne5 Nb4 12. Bf3 Nbd5 13. Bg5 h6 14. Bh4 Bd7
15. Nxd5 Nxd5 16. Bxd5 exd5 17. Bxe7 Qxe7 18. Qb3 Be6 19. Rae1 Qd6 20. Re3 b6
21. Rfe1 Rac8 22. Qd3 Rc7 23. f4 Bd7 24. f5 Qf6 25. Rf1 Rfc8 26. Rg3 Ba4 27.
Ng4 Qh4 28. Qe3 Kf8 29. Qa3+ 1-0

[Event "2. Bundesliga Ost 2016/2017"]
[Site "alle Wien"]
[Date "2017.03.04"]
[Round "8"]
[Board "6"]
[White "Gutsch, Franz"]
[Black "Prinzjakowitsch, Bernhard"]
[Result "1/2-1/2"]
[WhiteElo "2053"]
[BlackElo "2180"]
[PlyCount "91"]
[EventDate "2016.10.15"]
[EventType "team"]
[EventRounds "11"]
[EventCountry "AUT"]
[WhiteTeam "Blackburne Nickelsdorf 2"]
[BlackTeam "ASVOE Pamhagen"]

1. d4 Nf6 2. Nf3 g6 3. Nc3 d5 4. Bf4 Bg7 5. Qd2 Ne4 6. Nxe4 dxe4 7. Ne5 f6 8.
Nc4 Be6 9. e3 c6 10. Be2 O-O 11. O-O g5 12. Bxb8 Rxb8 13. Qa5 b6 14. Qa3 Qc7
15. Nd2 f5 16. c4 c5 17. d5 Bd7 18. f3 Rf6 19. fxe4 Rh6 20. g3 f4 21. exf4 Bh3
22. fxg5 Bd4+ 23. Kh1 Bxf1 24. Rxf1 Rg6 25. Nf3 Rf8 26. Nxd4 Rxf1+ 27. Bxf1
cxd4 28. Qd3 Qe5 29. h4 h6 30. Bh3 hxg5 31. Be6+ Kg7 32. h5 Rf6 33. Bf5 g4 34.
Kg2 Kh6 35. Qd1 Rxf5 36. exf5 Qe4+ 37. Kf2 Qe3+ 38. Kg2 d3 39. Qxg4 Kh7 40.
Qg6+ Kh8 41. h6 Qe4+ 42. Kh2 Qe5 43. f6 Qe2+ 44. Kh3 Qf1+ 45. Kg4 Qe2+ 46. Kh3
 1/2-1/2

[Event "2. Bundesliga Ost 2016/2017"]
[Site "alle Wien"]
[Date "2017.03.04"]
[Round "8"]
[Board "1"]
[White "Pacher, Milan"]
[Black "Menezes, Christoph"]
[Result "1-0"]
[WhiteElo "2493"]
[BlackElo "2411"]
[PlyCount "79"]
[EventDate "2016.10.15"]
[EventType "team"]
[EventRounds "11"]
[EventCountry "AUT"]
[WhiteTeam "SK Austria"]
[BlackTeam "tschaturanga"]

1. e4 c5 2. Nf3 d6 3. d4 cxd4 4. Nxd4 Nf6 5. Nc3 a6 6. a3 e6 7. f4 Be7 8. Bd3
Qc7 9. Qf3 b5 10. Be3 Bb7 11. O-O-O Nbd7 12. g4 Nc5 13. g5 Nfd7 14. Kb1 Rb8 15.
h4 Nb6 16. h5 Nba4 17. Nxa4 bxa4 18. g6 Bf6 19. gxf7+ Qxf7 20. h6 g6 21. Rhe1
Ba8 22. c3 O-O 23. Bc2 e5 24. fxe5 Qb7 25. Bc1 dxe5 26. Qe2 exd4 27. Qc4+ Qf7
28. Qxc5 dxc3 29. e5 cxb2 30. Bxb2 Rfc8 31. Qd4 Rd8 32. Qxa4 Rxd1+ 33. Bxd1 Be7
34. Qxa6 Bd5 35. Qa7 Ra8 36. Qd4 Qe6 37. Bg4 Ba2+ 38. Ka1 Qc4 39. Qd7 Qb4 40.
axb4 1-0

[Event "2. Bundesliga Ost 2016/2017"]
[Site "alle Wien"]
[Date "2017.03.04"]
[Round "8"]
[Board "2"]
[White "Wcislo, Damian"]
[Black "Mazur, Stefan"]
[Result "1-0"]
[WhiteElo "2304"]
[BlackElo "2446"]
[PlyCount "71"]
[EventDate "2016.10.15"]
[EventType "team"]
[EventRounds "11"]
[EventCountry "AUT"]
[WhiteTeam "tschaturanga"]
[BlackTeam "SK Austria"]

1. d4 Nf6 2. c4 g6 3. Nc3 Bg7 4. g3 O-O 5. Bg2 d6 6. Nf3 Nc6 7. O-O Bf5 8. Ne1
Na5 9. e4 Bg4 10. f3 Bd7 11. Qe2 c5 12. dxc5 dxc5 13. e5 Ne8 14. f4 Nc7 15. Be3
Ne6 16. Nc2 Qc8 17. Rad1 Re8 18. b3 Nc6 19. Qd2 Rd8 20. Qf2 b6 21. Rd2 Rb8 22.
Rfd1 Bf8 23. f5 Ng7 24. e6 fxe6 25. fxg6 hxg6 26. Bf4 Ra8 27. Qf3 e5 28. Bh6
Nd4 29. Qxa8 Qxa8 30. Bxa8 Rxa8 31. Rf2 Bc6 32. Nd5 Rd8 33. Nxd4 exd4 34. Rxf8+
Rxf8 35. Nxe7+ Kh7 36. Bxg7 1-0

[Event "2. Bundesliga Ost 2016/2017"]
[Site "alle Wien"]
[Date "2017.03.04"]
[Round "8"]
[Board "3"]
[White "Hangweyrer, Manfred"]
[Black "Sadilek, Peter"]
[Result "1/2-1/2"]
[WhiteElo "2384"]
[BlackElo "2274"]
[PlyCount "176"]
[EventDate "2016.10.15"]
[EventType "team"]
[EventRounds "11"]
[EventCountry "AUT"]
[WhiteTeam "SK Austria"]
[BlackTeam "tschaturanga"]

1. c4 Nf6 2. g3 e6 3. Bg2 d5 4. Nf3 Be7 5. O-O O-O 6. d4 Nbd7 7. Nbd2 c6 8. Qc2
b6 9. e4 Ba6 10. Re1 Rc8 11. Qa4 Bxc4 12. Nxc4 b5 13. Qc2 bxc4 14. e5 Ne4 15.
b3 c5 16. dxc5 cxb3 17. axb3 Bxc5 18. Rxe4 dxe4 19. Qxe4 Bb6 20. Bg5 Nc5 21.
Qg4 Qd3 22. Nh4 Qc3 23. Rd1 Qxe5 24. Bf4 Qb2 25. Rd2 Qc3 26. Nf3 Nd3 27. Bh6
Rfd8 28. Bf1 Nxf2 29. Rxf2 Bxf2+ 30. Kxf2 Qc2+ 31. Be2 Qg6 32. Qxg6 hxg6 33.
Be3 Rd7 34. Bc4 Rdc7 35. Nd2 Kf8 36. Bd4 Rd7 37. Bc3 Rdc7 38. Ke3 Kg8 39. h4
Rc5 40. Bd4 Ra5 41. Ne4 Ra3 42. Bc5 Ra1 43. Bd4 Re1+ 44. Kf3 Rc7 45. Nc3 Rc1
46. Nb5 R7xc4 47. bxc4 Rxc4 48. Bxa7 Ra4 49. Be3 e5 50. Nc3 Rc4 51. Ne4 f6 52.
Nd2 Ra4 53. Ne4 Kf7 54. Nd6+ Ke6 55. Ne4 Rc4 56. Nd2 Rc2 57. Ne4 Kd5 58. Nf2
Rc4 59. Nh3 Rc8 60. Nf2 Rh8 61. Bd2 Rh5 62. Be3 Rf5+ 63. Ke2 e4 64. Bf4 Kd4 65.
Be3+ Ke5 66. Ng4+ Ke6 67. Nf2 Kd5 68. Bf4 Rh5 69. Ke3 Rh8 70. Nd1 Rc8 71. Kd2
Ke6 72. Ke2 Ra8 73. Bd2 Ra3 74. Bf4 Rb3 75. Be3 Kf5 76. Bf4 Ra3 77. Ne3+ Ke6
78. Nd1 Rb3 79. Be3 Kd5 80. Bf4 Kc5 81. Be3+ Kc6 82. Bf4 g5 83. hxg5 fxg5 84.
Be3 Ra3 85. Nf2 Kd5 86. g4 Ra2+ 87. Kf1 Kc4 88. Ke1 Ra1+ 1/2-1/2

[Event "2. Bundesliga Ost 2016/2017"]
[Site "alle Wien"]
[Date "2017.03.04"]
[Round "8"]
[Board "4"]
[White "Sadilek, Maximilian"]
[Black "Theissl-Pokorna, Regina"]
[Result "0-1"]
[WhiteElo "2258"]
[BlackElo "2324"]
[PlyCount "70"]
[EventDate "2016.10.15"]
[EventType "team"]
[EventRounds "11"]
[EventCountry "AUT"]
[WhiteTeam "tschaturanga"]
[BlackTeam "SK Austria"]

1. Nc3 e5 2. Nf3 Nc6 3. e4 Nf6 4. d4 exd4 5. Nd5 Be7 6. Bc4 d6 7. Nxd4 Ne5 8.
Nxf6+ Bxf6 9. Be2 O-O 10. O-O Re8 11. c3 Bd7 12. f4 Ng6 13. Bd3 c5 14. Nf5 Bc6
15. Re1 Qd7 16. Qh5 Nf8 17. Bd2 g6 18. Qh6 Re6 19. Ng3 Bg7 20. Qh4 Qd8 21. Qh3
d5 22. f5 Re8 23. Rad1 c4 24. Bb1 dxe4 25. Be3 Qc7 26. Qh4 Nd7 27. fxg6 hxg6
28. Bxe4 Ne5 29. Bxc6 Qxc6 30. Bd4 Nd3 31. Rxe8+ Rxe8 32. Bxg7 Kxg7 33. Qd4+
Qf6 34. Qxa7 b6 35. Rf1 Re1 0-1

[Event "2. Bundesliga Ost 2016/2017"]
[Site "alle Wien"]
[Date "2017.03.04"]
[Round "8"]
[Board "5"]
[White "Higatsberger, Michael"]
[Black "Kreindl, Helmut"]
[Result "1/2-1/2"]
[WhiteElo "2159"]
[BlackElo "2226"]
[PlyCount "59"]
[EventDate "2016.10.15"]
[EventType "team"]
[EventRounds "11"]
[EventCountry "AUT"]
[WhiteTeam "SK Austria"]
[BlackTeam "tschaturanga"]

1. e4 d5 2. exd5 Qxd5 3. Nc3 Qd6 4. d4 Nf6 5. Nf3 c6 6. g3 Bg4 7. Bg2 e6 8. O-O
Nbd7 9. Bf4 Qb4 10. Qd2 Be7 11. a3 Qa5 12. Ne5 Nxe5 13. Bxe5 O-O 14. Qf4 Bf5
15. Bc7 Qa6 16. Rfc1 Rac8 17. Be5 b5 18. Ne4 Nxe4 19. Bxe4 Bxe4 20. Qxe4 Rfd8
21. Qg4 Bf8 22. Rd1 Qb6 23. Rd3 Rd5 24. Rad1 Qd8 25. h4 c5 26. dxc5 Rcxc5 27.
Rxd5 Rxd5 28. Rxd5 Qxd5 29. Qd4 Qc6 30. Bxg7 1/2-1/2